[Event "Titled Tue 26th Aug Early"]
[Site "chess.com INT"]
[Date "2025.08.26"]
[Round "4"]
[White "Chassard, Cedric"]
[Black "Setumadhav, Yellumahanthi"]
[Result "1-0"]
[WhiteTitle "FM"]
[BlackTitle "FM"]
[WhiteElo "2208"]
[BlackElo "2226"]
[WhiteFideId "16243536"]
[BlackFideId "25920669"]
[EventDate "2025.08.26"]

1. d4 Nf6 2. Nf3 d5 3. Bf4 e6 4. e3 Bd6 5. Ne5 O-O 6. Nd2 c5 7. Ndf3 Qc7 8. c3
Nbd7 9. Bd3 c4 10. Bc2 b5 11. a3 Bb7 12. h4 Ne4 13. Qe2 f6 14. Nxd7 Qxd7 15. Nd2
e5 16. Nxe4 exf4 17. Nxd6 Qxd6 18. O-O Rae8 19. Qf3 fxe3 20. fxe3 g6 21. Rae1
Re7 22. e4 dxe4 23. Bxe4 Rxe4 24. Rxe4 f5 25. Qf4 Qxf4 26. Rexf4 Re8 27. R4f2
Re4 28. g3 Re3 29. Kh2 a5 30. Rd1 Bd5 31. Rdf1 Kg7 32. Rd2 h6 33. Kh3 g5 34.
hxg5 hxg5 35. Kh2 Kg6 36. Rdf2 Be4 37. Rd1 Bd5 38. Rdf1 f4 39. Rg1 Kf5 40. Kh3
g4+ 41. Kh2 f3 42. Ra1 Ke4 43. a4 b4 44. cxb4 axb4 45. a5 Kxd4 46. a6 c3 47.
bxc3+ bxc3 48. a7 Ba8 49. Kg1 Rd3 50. Rfa2 Rd2 51. Ra4+ Kd3 52. Rxg4 f2+ 53. Kf1
c2 54. Ra3# 1-0

[Event "Titled Tue 26th Aug Early"]
[Site "chess.com INT"]
[Date "2025.08.26"]
[Round "4"]
[White "Gunawardhana, Devindya Oshini"]
[Black "Lisenkov, Svyatoslav"]
[Result "0-1"]
[WhiteTitle "WIM"]
[BlackTitle "FM"]
[WhiteElo "2101"]
[BlackElo "2343"]
[WhiteFideId "29941482"]
[BlackFideId "34264183"]
[EventDate "2025.08.26"]

1. Nf3 Nc6 2. g3 g6 3. d4 Bg7 4. Bg2 d5 5. O-O Bf5 6. c3 Qd7 7. Nbd2 Bh3 8. e4
Bxg2 9. Kxg2 h5 10. exd5 Qxd5 11. c4 Qf5 12. d5 Ne5 13. Nxe5 Bxe5 14. Nf3 Bf6
15. Be3 h4 16. Bd4 hxg3 17. fxg3 Qh3+ 18. Kg1 Nh6 19. Bxf6 exf6 20. Qe2+ Kf8 21.
Rae1 Kg7 22. Qg2 Qd7 23. b3 Rae8 24. Qb2 Nf5 25. Ng5 Rxe1 26. Rxe1 Qd6 27. Ne4
Qe7 28. Qf2 Re8 29. Re2 Qe5 30. Kg2 Nd4 31. Re3 f5 32. Nf6 Qxe3 33. Nxe8+ Qxe8
34. Qxd4+ Kg8 35. Qxa7 Qe4+ 36. Kg1 b6 37. Qxc7 Qb1+ 38. Kg2 Qxa2+ 39. Kh3 Qxb3
40. d6 Qf3 41. Qxb6 Qf1+ 42. Kh4 Qxc4+ 43. Kg5 Kg7 44. Qb2+ Kh7 45. d7 Qd5 46.
Qf6 Qxd7 47. Kh4 Qe6 48. Qd8 Kg7 49. Kh3 f4+ 50. Kg2 Qe2+ 51. Kg1 Qe3+ 52. Kg2
f3+ 53. Kh3 Qe6+ 0-1

[Event "Titled Tue 26th Aug Early"]
[Site "chess.com INT"]
[Date "2025.08.26"]
[Round "4"]
[White "Babiarz, Arkadiusz"]
[Black "Lindholm, Jere"]
[Result "0-1"]
[WhiteTitle "CM"]
[WhiteElo "2172"]
[BlackElo "2140"]
[WhiteFideId "21804362"]
[BlackFideId "508012"]
[EventDate "2025.08.26"]

1. d4 Nf6 2. Nc3 c5 3. d5 e6 4. e4 exd5 5. exd5 d6 6. Nf3 Be7 7. Bd3 O-O 8. O-O
a6 9. a4 Re8 10. Re1 Bg4 11. h3 Bh5 12. Bf4 Bf8 13. g4 Bg6 14. Qd2 Bxd3 15. Qxd3
Nbd7 16. Rxe8 Qxe8 17. Re1 Qd8 18. Nd2 Qb6 19. Nc4 Qb4 20. Bg3 b5 21. axb5 axb5
22. Nxd6 c4 23. Qe3 Bxd6 24. Bxd6 Qxd6 25. Nxb5 Qb4 26. Nd4 Nxd5 27. Qe4 N7f6
28. Qe5 Nf4 29. Nf5 Nxh3+ 30. Kg2 Ng5 31. Ne7+ Kh8 32. Re3 Nxg4 33. Qxg5 Nxe3+
34. Qxe3 Qb7+ 35. f3 Qd7 36. Qe4 Re8 37. Qc6 Rxe7 38. Qa8+ Re8 39. Qa6 Qd2+ 40.
Kg3 Qe1+ 41. Kg4 Qg1+ 42. Kf4 Qe3+ 43. Kg4 h5+ 44. Kg3 Qg1+ 45. Kf4 Qh2+ 46. Kf5
Qh3+ 47. Kf4 Qh4+ 48. Kf5 g6+ 49. Qxg6 fxg6+ 50. Kxg6 Qf4 51. Kxh5 Rg8 52. c3
Qg5# 0-1

[Event "Titled Tue 26th Aug Early"]
[Site "chess.com INT"]
[Date "2025.08.26"]
[Round "4"]
[White "Akshaya Sathi"]
[Black "Fernandes, Rogerio Paulo Muller"]
[Result "0-1"]
[WhiteTitle "WCM"]
[WhiteElo "2008"]
[BlackElo "2241"]
[WhiteFideId "25130340"]
[BlackFideId "2101599"]
[EventDate "2025.08.26"]

1. Nf3 c5 2. b3 Nc6 3. Bb2 Nf6 4. e3 g6 5. c4 Bg7 6. Be2 O-O 7. O-O d6 8. d4 Bg4
9. d5 Nb8 10. Nbd2 Nbd7 11. h3 Bxf3 12. Nxf3 Ne8 13. Qc2 Bxb2 14. Qxb2 f6 15. h4
Ng7 16. a3 a5 17. b4 axb4 18. axb4 b6 19. bxc5 bxc5 20. Rxa8 Qxa8 21. Ra1 Qb8
22. Qxb8 Rxb8 23. Ra7 Rd8 24. Nd2 Kf8 25. Nb3 f5 26. Na5 Ne5 27. Nc6 Nxc6 28.
dxc6 Rc8 29. Bf3 e6 30. c7 Ne8 31. h5 Rxc7 32. Ra8 Ke7 33. hxg6 hxg6 34. Bd1 d5
35. Ba4 Nf6 36. cxd5 exd5 37. Kf1 c4 38. Ke2 Ne4 39. f3 Nc3+ 40. Kd2 Nxa4 41.
Rxa4 Kd6 42. Kc3 Rb7 43. Ra6+ Kc5 44. Rxg6 Rb3+ 45. Kc2 Rxe3 46. g4 Rxf3 47. g5
d4 48. Rg8 Rf2+ 0-1

[Event "Titled Tue 26th Aug Early"]
[Site "chess.com INT"]
[Date "2025.08.26"]
[Round "4"]
[White "Mohylnyi, Stepan"]
[Black "Cevizci, Yusuf Baran"]
[Result "0-1"]
[WhiteTitle "FM"]
[BlackTitle "CM"]
[WhiteElo "2275"]
[BlackElo "2094"]
[WhiteFideId "34127836"]
[BlackFideId "34565400"]
[EventDate "2025.08.26"]

1. e4 e6 2. d4 d5 3. Nc3 Nf6 4. Bg5 Be7 5. e5 Nfd7 6. Bxe7 Qxe7 7. f4 a6 8. Nf3
c5 9. Be2 Nc6 10. Qd2 b5 11. a3 O-O 12. O-O cxd4 13. Nxd4 Qc5 14. Rad1 Nb6 15.
Kh1 Nxd4 16. Qxd4 Qxd4 17. Rxd4 Nc4 18. Bxc4 bxc4 19. b3 cxb3 20. cxb3 Rb8 21.
b4 Bd7 22. Rc1 Rfc8 23. Kg1 Rc7 24. Rdd1 Rbc8 25. Ne2 Bb5 26. Rxc7 Rxc7 27. Nd4
Rc3 28. Kf2 g6 29. Nxb5 axb5 30. Ra1 Rb3 31. Rc1 Rxa3 32. Rc5 Ra2+ 33. Kf3 Ra3+
34. Kf2 Ra2+ 35. Kf3 d4 36. Rxb5 d3 37. Rb8+ Kg7 38. Rd8 d2 39. b5 Rb2 40. b6
Rxb6 41. Rxd2 Rb3+ 42. Ke4 f5+ 43. Kd4 g5 44. fxg5 Kg6 45. h4 Rb5 46. Re2 Rb4+
47. Kc5 Rxh4 48. Kd6 Kf7 49. Rd2 Rc4 50. Kd7 Rc5 51. Kd6 Rb5 52. Rd3 Rb2 53. Kd7
Re2 54. Rh3 Rxe5 55. Rxh7+ Kg6 56. Rh6+ Kxg5 57. Rxe6 Rd5+ 58. Rd6 Re5 59. Re6
Ra5 60. Re3 Kg4 61. Ke6 f4 62. Rf3 Ra2 63. Ke5 Re2+ 64. Kd4 Rxg2 65. Rf1 Re2 66.
Kd3 Re8 67. Rg1+ Kf3 68. Rf1+ Kg3 69. Rg1+ Kf2 70. Rg4 f3 71. Rf4 Kg2 72. Kd2 f2
73. Rg4+ Kf3 0-1

[Event "Titled Tue 26th Aug Early"]
[Site "chess.com INT"]
[Date "2025.08.26"]
[Round "4"]
[White "Apoorv Kamble"]
[Black "Terry, Renato"]
[Result "0-1"]
[WhiteTitle "FM"]
[BlackTitle "IM"]
[WhiteElo "2365"]
[BlackElo "2508"]
[WhiteFideId "25683012"]
[BlackFideId "3803457"]
[EventDate "2025.08.26"]

1. e4 e6 2. d4 d5 3. Nd2 Be7 4. Ngf3 Nf6 5. e5 Nfd7 6. Bd3 c5 7. c3 Nc6 8. O-O
g5 9. Nb1 h6 10. Be3 Qb6 11. b3 cxd4 12. cxd4 Nb4 13. Be2 Nf8 14. Nc3 Bd7 15. a3
Nc6 16. Na4 Qd8 17. b4 b6 18. Rc1 Ng6 19. Ne1 a5 20. b5 Na7 21. Nc3 Bxa3 22. Rc2
Bb4 23. f4 gxf4 24. Bxf4 Rc8 25. Na2 Rxc2 26. Nxc2 Be7 27. Bh5 Bxb5 28. Rf2 Kd7
29. Be3 Qg8 30. Nc3 Bc6 31. Ne2 Rh7 32. Nf4 Nh4 33. g3 Nf5 34. Qd2 Nb5 35. Ne1
Bb4 36. Qc1 Nbxd4 37. Ned3 Be7 38. g4 Rg7 39. h3 Bd8 40. Rb2 Nxe3 41. Qxe3 Nb5
42. Rc2 Qf8 43. Qc1 Nd4 44. Rc3 Qe7 45. Kh2 Qh4 46. Qe3 Nb5 47. Rc1 Qe7 48. Ne1
Qa3 49. Qe2 Qxc1 50. Ned3 Qc3 51. Qe3 Nd4 52. Kg3 Kc7 53. Nxd5+ Bxd5 54. Qf4
Ne2+ 0-1

[Event "Titled Tue 26th Aug Early"]
[Site "chess.com INT"]
[Date "2025.08.26"]
[Round "4"]
[White "Liu, Zachary Hankun"]
[Black "Csonka, Balazs"]
[Result "0-1"]
[BlackTitle "IM"]
[WhiteElo "1998"]
[BlackElo "2467"]
[WhiteFideId "2640287"]
[BlackFideId "742910"]
[EventDate "2025.08.26"]

1. e4 c6 2. Nf3 d5 3. Nc3 Nf6 4. e5 Ne4 5. d3 Nxc3 6. bxc3 c5 7. Be2 Nc6 8. O-O
Bg4 9. Re1 e6 10. h3 Bh5 11. d4 cxd4 12. cxd4 Bb4 13. Bd2 Bxd2 14. Qxd2 O-O 15.
Rab1 Na5 16. Qe3 Rc8 17. c3 Bxf3 18. Qxf3 Qg5 19. Red1 Rc7 20. g3 Rfc8 21. h4
Qe7 22. Rd3 Qa3 23. h5 h6 24. g4 Rxc3 25. Rbd1 Rxd3 26. Rxd3 Qc1+ 27. Kg2 Nc6
28. Rc3 Qd2 29. Rd3 Qg5 30. Qg3 Nb4 31. Rb3 Nc2 32. Rc3 Qd8 33. Qd3 Nb4 34. Qd2
Rxc3 35. Qxc3 Nc6 36. Bb5 Qa5 37. Qc5 Qb6 38. Qd6 Qxb5 39. Qd7 Qd3 40. Qe8+ Kh7
41. Qxf7 Qe4+ 42. f3 Qe2+ 43. Kg3 Qe1+ 44. Kg2 Qd2+ 45. Kg3 Qg5 46. f4 Qe7 47.
Qg6+ Kh8 48. Qd3 Qb4 49. Qg6 Qa3+ 50. Kg2 Qe7 51. Qd3 a6 52. f5 exf5 53. gxf5
Qg5+ 54. Kf2 Qf4+ 55. Kg2 Nxd4 56. e6 Nxf5 57. Qc2 Qe4+ 0-1

[Event "Titled Tue 26th Aug Early"]
[Site "chess.com INT"]
[Date "2025.08.26"]
[Round "4"]
[White "Alazmi, Amani"]
[Black "Lotero, Faiber"]
[Result "1/2-1/2"]
[WhiteTitle "WCM"]
[BlackTitle "FM"]
[WhiteElo "1745"]
[BlackElo "2127"]
[WhiteFideId "10303553"]
[BlackFideId "4404190"]
[EventDate "2025.08.26"]

1. c4 e5 2. g3 Nf6 3. Bg2 c6 4. d4 exd4 5. Qxd4 d5 6. cxd5 cxd5 7. Nc3 Nc6 8.
Qa4 d4 9. Nb5 Bb4+ 10. Kf1 d3 11. Bxc6+ bxc6 12. Qxb4 dxe2+ 13. Nxe2 cxb5 14.
Qxb5+ Bd7 15. Qe5+ Kf8 16. Bd2 Bc6 17. Qc5+ Kg8 18. Qxc6 Rc8 19. Qb7 Rc2 20. Bf4
h5 21. Qb8 Qxb8 22. Bxb8 Rxb2 23. Bxa7 Kh7 24. Bd4 Rc2 25. Bxf6 gxf6 26. Nf4 Rb8
27. Kg2 Rbb2 28. Rhf1 h4 29. a4 Ra2 30. a5 Rxf2+ 31. Rxf2 Rxa1 32. Nd5 hxg3 33.
Nxf6+ Kg6 34. hxg3 Rxa5 35. Ne4 f5 36. Nd6 Rd5 37. Nc4 Kg5 38. Ne3 Rb5 39. Nf1
Ra5 40. Nh2 Rb5 41. Nf3+ Kg4 42. Nd4 Ra5 43. Ne6 Re5 44. Nd4 Ra5 45. Rf4+ Kg5
46. Nf3+ Kg6 47. Rc4 Rb5 48. Rc6+ Kh5 49. Kh3 Ra5 50. Rf6 Rb5 51. Nh4 Kg5 52.
Rg6+ Kh5 53. Rg8 Ra5 54. Rh8+ Kg5 55. Nf3+ Kg6 56. Rg8+ Kf6 57. Nh4 Rb5 58. Rg6+
Ke5 59. Rg5 Ke4 60. Rh5 Ra5 61. Ng6 Ra3 62. Ne7 f4 63. Rh4 Rxg3+ 64. Kh2 Ra3 65.
Ng6 Kf5 66. Nxf4 Kg5 67. Rh3 Rxh3+ 68. Nxh3+ 1/2-1/2

[Event "Titled Tue 26th Aug Early"]
[Site "chess.com INT"]
[Date "2025.08.26"]
[Round "4"]
[White "Rustemov, Alexander"]
[Black "Sindarov, Javokhir"]
[Result "0-1"]
[WhiteTitle "GM"]
[BlackTitle "GM"]
[WhiteElo "2525"]
[BlackElo "2722"]
[WhiteFideId "4119002"]
[BlackFideId "14205483"]
[EventDate "2025.08.26"]

1. d4 Nf6 2. c4 g6 3. Nf3 Bg7 4. g3 c5 5. Bg2 cxd4 6. Nxd4 Nc6 7. O-O h5 8. h4
O-O 9. Nc3 Ng4 10. e3 d6 11. b3 d5 12. cxd5 Nxd4 13. exd4 Qb6 14. Ne2 Bf5 15.
Bg5 Rfe8 16. Qd2 e6 17. dxe6 Rxe6 18. Rad1 Rd6 19. d5 Re8 20. Nc3 Qa6 21. Bf4
Rd7 22. d6 Rc8 23. Rc1 Rcd8 24. Nd5 Rxd6 25. Bxd6 Qxd6 26. Rfd1 Kh8 27. Qf4 Be5
28. Qb4 Qa6 29. Qe7 Rd7 30. Qf8+ Kh7 31. Rc8 Qe2 32. Rf1 Bd4 33. Qg8+ Kh6 34.
Qf8+ Bg7 35. Qe8 Qd2 36. Ne3 Nxe3 37. Qxe3+ Qxe3 38. fxe3 Be6 39. Rc2 Be5 40.
Kf2 Bf5 41. Re2 Bg4 42. Bf3 Bf5 43. Rc1 b6 44. Rcc2 Bxc2 45. Rxc2 Kg7 46. g4
hxg4 47. Bxg4 Rd5 48. h5 g5 49. e4 Rd3 50. Rc8 Bd4+ 51. Ke2 Re3+ 52. Kd2 Rxe4
53. Bf5 Rf4 54. Bd3 g4 55. Rc7 g3 56. Bc4 g2 0-1

[Event "Titled Tue 26th Aug Early"]
[Site "chess.com INT"]
[Date "2025.08.26"]
[Round "4"]
[White "Aravindh, Chithambaram VR."]
[Black "Feuerstack, Aljoscha"]
[Result "1-0"]
[WhiteTitle "GM"]
[BlackTitle "IM"]
[WhiteElo "2723"]
[BlackElo "2449"]
[WhiteFideId "5072786"]
[BlackFideId "4681932"]
[EventDate "2025.08.26"]

1. c4 c6 2. Nc3 d5 3. cxd5 cxd5 4. d4 Nf6 5. Bf4 g6 6. e3 Bg7 7. h3 O-O 8. Nf3
Bf5 9. Bd3 Ne4 10. O-O Nxc3 11. bxc3 Qa5 12. Bxf5 gxf5 13. Qb3 b6 14. c4 dxc4
15. Qxc4 Nd7 16. Rfc1 Nf6 17. Ne5 Qd5 18. Qc7 Qe6 19. Rc6 Rac8 20. Rxe6 Rxc7 21.
Nxf7 Rc2 22. Ne5 Nd5 23. Bh6 Bxh6 24. Rxh6 Rfc8 25. g4 f4 26. e4 Nc3 27. Re1
Ne2+ 28. Kg2 Nxd4 29. Rd1 Nb5 30. Rd7 R2c7 31. Rxc7 Rxc7 32. Kf3 Kg7 33. g5 Nd6
34. Kxf4 Rc2 35. f3 Rxa2 36. Re6 Kf8 37. g6 hxg6 38. Nxg6+ Kf7 39. Rxe7+ Kxg6
40. Re6+ Kf7 41. Rxd6 b5 42. Rd7+ Ke6 43. Rb7 a6 44. Rb6+ Kd7 45. e5 Kc7 46. Rg6
b4 47. Kf5 b3 48. Rg1 b2 49. Rb1 a5 50. e6 a4 51. Kf6 a3 52. e7 Ra1 53. e8=Q
Rxb1 54. Qe7+ Kb6 55. Qxa3 Kc6 56. Qc3+ 1-0

[Event "Titled Tue 26th Aug Early"]
[Site "chess.com INT"]
[Date "2025.08.26"]
[Round "4"]
[White "Mummana Venkata Ruthvik"]
[Black "Yeletsky, Ivan"]
[Result "1-0"]
[WhiteTitle "CM"]
[BlackTitle "FM"]
[WhiteElo "2237"]
[BlackElo "2469"]
[WhiteFideId "25697307"]
[BlackFideId "24180327"]
[EventDate "2025.08.26"]

1. Nf3 b6 2. g3 Bb7 3. Bg2 c5 4. O-O g6 5. d4 cxd4 6. b3 Bg7 7. Bb2 e5 8. e3 d5
9. exd4 e4 10. Nfd2 Ne7 11. c4 O-O 12. cxd5 f5 13. f3 Nxd5 14. Qe2 e3 15. Nc4 f4
16. Rd1 Nc6 17. Ne5 Ncb4 18. a3 Ba6 19. Nc4 Nc6 20. a4 Qg5 21. g4 h5 22. h3 Rad8
23. Nba3 Ndb4 24. Nb5 Bxb5 25. axb5 Qxb5 26. Bf1 hxg4 27. hxg4 Bxd4 28. Bxd4
Rxd4 29. Rxd4 Nxd4 30. Qb2 Nxf3+ 31. Kg2 Qd5 32. Nxe3 Nh4+ 33. Kg1 Nf3+ 34. Kg2
Ne1+ 35. Kg1 Qc5 36. Bc4+ Rf7 37. Bxf7+ Kxf7 38. Rxa7+ Ke6 39. Qg7 Qxe3+ 40. Kf1
Qd3+ 41. Kxe1 Nc2+ 42. Kf2 Qg3+ 43. Ke2 Qxg4+ 44. Kd3 Qf5+ 45. Kc3 Qc5+ 46. Kb2
Nd4 47. Qf7+ Ke5 48. Re7+ Qxe7 49. Qxe7+ Ne6 50. Qf7 g5 51. Kc2 f3 52. Kd3 g4
53. Ke3 Ng5 54. Qf4+ 1-0

[Event "Titled Tue 26th Aug Early"]
[Site "chess.com INT"]
[Date "2025.08.26"]
[Round "4"]
[White "Srihari, L"]
[Black "Xiong, Jeffery"]
[Result "0-1"]
[WhiteTitle "IM"]
[BlackTitle "GM"]
[WhiteElo "2368"]
[BlackElo "2650"]
[WhiteFideId "46642056"]
[BlackFideId "2047640"]
[EventDate "2025.08.26"]

1. c4 e6 2. Nc3 d5 3. e3 Nf6 4. Nf3 dxc4 5. Bxc4 a6 6. d4 b5 7. Be2 Bb7 8. O-O
Nbd7 9. b3 c5 10. Bb2 Be7 11. Rc1 O-O 12. Ne5 cxd4 13. exd4 Nxe5 14. dxe5 Nd7
15. Qd4 Nc5 16. Qe3 Rc8 17. b4 Nd7 18. Ne4 Bxe4 19. Qxe4 Nb6 20. Rfd1 Rxc1 21.
Bxc1 Qa8 22. Qg4 Rd8 23. Rf1 Qc6 24. Bh6 g6 25. h4 Qc3 26. Qe4 Nd5 27. Rb1 Bxb4
28. h5 Bc5 29. Rd1 Qb4 30. Qf3 Qh4 31. g4 Be7 32. Bc1 Bg5 33. Ba3 Bf4 34. Qg2
Bxe5 35. Bc5 Nf4 36. Rxd8+ Qxd8 37. Qf3 Qd5 38. Qxd5 Nxe2+ 39. Kf1 exd5 40. Kxe2
gxh5 41. gxh5 f5 42. Ke3 Kf7 43. f4 Bf6 44. Kf3 d4 45. Ke2 Ke6 46. Kd3 Kd5 47.
Bf8 Bd8 48. Bg7 Bb6 49. h6 Bc5 50. Be5 a5 51. Bg7 a4 52. Bf6 b4 53. Bg7 b3 54.
axb3 axb3 55. Bh8 b2 56. Kc2 d3+ 57. Kxb2 Bd4+ 0-1

[Event "Titled Tue 26th Aug Early"]
[Site "chess.com INT"]
[Date "2025.08.26"]
[Round "4"]
[White "Osetrov, Dmitrij"]
[Black "Sarkar, Justin"]
[Result "1/2-1/2"]
[WhiteTitle "CM"]
[BlackTitle "IM"]
[WhiteElo "2202"]
[BlackElo "2286"]
[WhiteFideId "44139713"]
[BlackFideId "2010011"]
[EventDate "2025.08.26"]

1. d4 h6 2. c4 e6 3. Nf3 d5 4. g3 Nf6 5. Bg2 Bb4+ 6. Bd2 Bd6 7. O-O O-O 8. Qc2
c6 9. Rd1 Nbd7 10. b3 e5 11. dxe5 Nxe5 12. Nxe5 Bxe5 13. Bc3 Qe7 14. cxd5 Nxd5
15. Bd4 Bxd4 16. Rxd4 Qe5 17. Qb2 c5 18. Rd2 Qxb2 19. Rxb2 Be6 20. Nd2 Rad8 21.
Nc4 b6 22. h4 Nf6 23. Ne3 Rd4 24. Rd1 Rfd8 25. Rxd4 Rxd4 26. f3 Nd5 27. Nxd5
Bxd5 28. Kf2 f5 29. Ke1 Bb7 30. e3 Rd6 31. Rd2 Rxd2 32. Kxd2 g5 33. Bh3 Bxf3 34.
Bxf5 Kf7 35. Kc3 Kf6 36. Bd3 Ke5 37. b4 gxh4 38. gxh4 cxb4+ 39. Kxb4 Bc6 40. a3
a5+ 41. Kc3 b5 42. Bc2 Bd7 43. Bd3 Bc6 44. Bc2 Bd7 45. Kd2 b4 46. axb4 axb4 47.
Kc1 Be6 48. Kb2 b3 49. Bd3 Bd5 50. Be2 Ke4 51. Kc3 Kxe3 52. Bd1 Kf4 53. h5 Kg5
54. Kb2 Bf7 55. Kc3 Bxh5 56. Bxb3 Bf3 57. Kd2 Kf4 58. Ke1 Kg3 59. Kf1 h5 60. Kg1
h4 61. Be6 Bg4 62. Bxg4 Kxg4 63. Kh2 h3 64. Kg1 Kg3 65. Kh1 h2 1/2-1/2

[Event "Titled Tue 26th Aug Early"]
[Site "chess.com INT"]
[Date "2025.08.26"]
[Round "4"]
[White "Miserendino, Alfredo"]
[Black "Chen, Yidong"]
[Result "0-1"]
[WhiteElo "2032"]
[BlackElo "2068"]
[WhiteFideId "101800"]
[BlackFideId "8607028"]
[EventDate "2025.08.26"]

1. e4 c5 2. Nf3 d6 3. Bb5+ Nc6 4. Bxc6+ bxc6 5. e5 g6 6. exd6 exd6 7. O-O Bg7 8.
Re1+ Be6 9. d4 cxd4 10. Nxd4 Qd7 11. Nxe6 fxe6 12. Qg4 Nf6 13. Qxe6+ Qxe6 14.
Rxe6+ Kd7 15. Re1 Rhe8 16. Bd2 Ne4 17. c3 Nc5 18. Rd1 Nd3 19. b3 Re2 20. Be3 Nb2
21. Rc1 Re8 22. Na3 Nd3 23. Rd1 Bxc3 24. Rab1 Nb4 25. Nc4 d5 26. h3 Kc7 27. Bf4+
Kd7 28. Nd6 R8e6 29. Nb7 Rf6 30. Bg3 Rxa2 31. Nc5+ Kc8 32. Rbc1 Bd2 33. Rb1 Bf4
34. Bxf4 Rxf4 35. Rf1 Rc2 36. Ne6 Rf6 37. Nd4 Rd2 38. Nf3 Rc2 39. Ra1 Kb7 40.
Rae1 Nd3 41. Re7+ Kb6 42. Rxh7 a5 43. Nd4 Rcxf2 44. Rxf2 Rxf2 45. Rh6 Rf6 46.
Nf3 Kc5 47. h4 Nc1 48. h5 Nxb3 49. Rxg6 Rf8 50. h6 a4 51. h7 Rh8 52. Ng5 a3 53.
Rg8 Rxh7 54. Nxh7 Kb4 55. Ra8 Na5 56. Nf6 a2 0-1

[Event "Titled Tue 26th Aug Early"]
[Site "chess.com INT"]
[Date "2025.08.26"]
[Round "4"]
[White "Sai, Han Thiha"]
[Black "Fronda, Jan Jodilyn"]
[Result "0-1"]
[WhiteTitle "FM"]
[BlackTitle "WIM"]
[WhiteElo "2117"]
[BlackElo "2115"]
[WhiteFideId "13012290"]
[BlackFideId "5204585"]
[EventDate "2025.08.26"]

1. Nf3 d5 2. g3 Nf6 3. Bg2 e6 4. O-O c6 5. d3 Nbd7 6. Nbd2 Be7 7. e4 O-O 8. e5
Ne8 9. Re1 c5 10. Nf1 b5 11. c4 bxc4 12. dxc4 Nb6 13. b3 Bb7 14. cxd5 Bxd5 15.
Ne3 Rc8 16. Nxd5 Nxd5 17. Nd2 Nec7 18. Bb2 Nb5 19. Nc4 Nb4 20. Qe2 Nd4 21. Bxd4
cxd4 22. Rad1 d3 23. Qg4 Qc7 24. Be4 Rfd8 25. Rd2 Nc2 26. Red1 Rd4 27. Rxd3 Rcd8
28. Rxd4 Nxd4 29. Rxd4 Rxd4 30. Bxh7+ Kxh7 31. Qxd4 Bc5 32. Qe4+ g6 33. Kg2 Qd7
34. h4 Kg7 35. Qf4 Be7 36. Qf3 Qd2 37. Ne3 Qxa2 38. Ng4 Qb2 39. Qe3 Kf8 40. Qxa7
Qxb3 41. Qe3 Qd5+ 42. Qf3 Qb5 43. Qe3 Qd5+ 44. Kh2 Bc5 45. Qh6+ Ke8 46. Qh8+ Kd7
47. Qg8 Ke7 48. Nh6 Qf3 49. Qc8 Qxf2+ 50. Kh3 Qf1+ 51. Kg4 Qe2+ 52. Kh3 Qxe5 0-1

[Event "Titled Tue 26th Aug Early"]
[Site "chess.com INT"]
[Date "2025.08.26"]
[Round "4"]
[White "Ejsymont, Blanka"]
[Black "Sharshenbekov, Emir"]
[Result "0-1"]
[WhiteTitle "WCM"]
[BlackTitle "CM"]
[WhiteElo "2071"]
[BlackElo "2175"]
[WhiteFideId "21088268"]
[BlackFideId "13810634"]
[EventDate "2025.08.26"]

1. Nf3 Nf6 2. g3 g6 3. Bg2 Bg7 4. O-O O-O 5. d3 c5 6. c4 Nc6 7. Nc3 Rb8 8. e4 d6
9. h3 a6 10. a4 Nb4 11. Be3 Bd7 12. Qd2 b5 13. axb5 axb5 14. b3 Re8 15. Rfd1 e5
16. Bg5 Qb6 17. Bxf6 Bxf6 18. Nd5 Nxd5 19. exd5 e4 20. dxe4 Bxa1 21. Rxa1 bxc4
22. bxc4 Qb2 23. Qxb2 Rxb2 24. Ra7 Rb1+ 25. Kh2 Bc8 26. Ng5 Rb7 27. Ra6 Rd7 28.
Ra8 Rde7 29. h4 h6 30. Nh3 Bxh3 31. Rxe8+ Rxe8 32. Kxh3 Ra8 33. f4 f6 34. Kg4
h5+ 35. Kf3 Ra3+ 36. Kf2 Rd3 37. Bf1 Rd4 38. Ke3 Kf7 39. Be2 Kg7 40. Bf1 Rd1 41.
Be2 Ra1 42. Bd3 Kh6 43. Be2 Ra3+ 44. Bd3 Kg7 45. Kd2 Kf7 46. Ke3 Ke7 47. f5 g5
48. Kd2 Kf7 49. Be2 Rxg3 50. Bxh5+ Kg7 51. hxg5 fxg5 52. Bg6 Kf6 53. Be8 Ke5 54.
Ke2 Rc3 55. Bb5 Kxe4 56. f6 Rf3 57. Bd7 Rxf6 58. Be6 Kd4 59. Bd7 Kxc4 60. Bc6
Kd4 61. Kd2 g4 62. Ke1 g3 63. Ke2 g2 64. Kd2 g1=Q 65. Kc2 Rf2+ 66. Kb3 Qb1+ 67.
Ka4 Ra2# 0-1

[Event "Titled Tue 26th Aug Early"]
[Site "chess.com INT"]
[Date "2025.08.26"]
[Round "4"]
[White "Durarbayli, Vasif"]
[Black "Carlsen, Magnus"]
[Result "0-1"]
[WhiteTitle "GM"]
[BlackTitle "GM"]
[WhiteElo "2612"]
[BlackElo "2839"]
[WhiteFideId "13402935"]
[BlackFideId "1503014"]
[EventDate "2025.08.26"]

1. e4 d6 2. d4 g6 3. Nc3 Bg7 4. Be3 a6 5. g4 b5 6. h4 Bb7 7. Bg2 h6 8. g5 Nd7 9.
h5 Nf8 10. hxg6 Nxg6 11. gxh6 Bxh6 12. Bxh6 Rxh6 13. Rxh6 Nxh6 14. Qh5 Ng8 15.
Nge2 Nf6 16. Qh1 b4 17. Nd1 e5 18. Ne3 Qe7 19. Nf5 Qf8 20. O-O-O O-O-O 21. d5
Kb8 22. Qe1 Ne7 23. Nxe7 Qxe7 24. Qxb4 Nxd5 25. Qd2 Nb6 26. Ng3 Rg8 27. Bf1 Qg5
28. Qxg5 Rxg5 29. Bd3 Nd7 30. Rh1 Rg4 31. Rh8+ Ka7 32. Rh7 Rf4 33. Nf5 Nc5 34.
Rxf7 Kb6 35. f3 Bc8 36. Nh6 Rh4 37. Nf5 Rh1+ 38. Kd2 Rh2+ 39. Kc1 Be6 40. Rf8
Bxa2 41. Ne3 Rf2 42. b3 Bxb3 43. Rb8+ Ka5 44. cxb3 Nxd3+ 45. Kd1 Nb2+ 46. Kc1
Re2 47. Nd5 Nd3+ 48. Kd1 Rf2 49. Nxc7 Rxf3 50. Nd5 Rf2 51. Ne3 Nb2+ 52. Kc1 Re2
53. Nd5 Nd3+ 54. Kd1 Rb2 55. Ne7 Nb4 56. Nc8 Rxb3 0-1

[Event "Titled Tue 26th Aug Early"]
[Site "chess.com INT"]
[Date "2025.08.26"]
[Round "4"]
[White "Banzea, Alexandru-Bogdan"]
[Black "Manvelyan, Mikayel"]
[Result "0-1"]
[WhiteTitle "IM"]
[BlackTitle "FM"]
[WhiteElo "2394"]
[BlackElo "2386"]
[WhiteFideId "1232622"]
[BlackFideId "13310143"]
[EventDate "2025.08.26"]

1. d4 Nf6 2. Nc3 e6 3. Bf4 d5 4. e3 a6 5. Bd3 c5 6. dxc5 Bxc5 7. Nf3 Nc6 8. O-O
O-O 9. e4 dxe4 10. Nxe4 Be7 11. Nxf6+ Bxf6 12. Qe2 g6 13. Rad1 Qe7 14. c3 e5 15.
Bh6 Re8 16. Be4 Bd7 17. Rd2 Rad8 18. Rfd1 Be6 19. Bxc6 bxc6 20. Qxa6 Bd5 21. Qe2
Bxa2 22. h3 Rxd2 23. Nxd2 Bd5 24. c4 Be6 25. Ne4 Bh8 26. Bg5 f6 27. Bh4 g5 28.
Bg3 Rd8 29. Rxd8+ Qxd8 30. Qd2 Qxd2 31. Nxd2 f5 32. f3 Kf7 33. b3 Bf6 34. Kf1 h5
35. Ke2 f4 36. Bf2 g4 37. hxg4 hxg4 38. Ne4 Bd8 39. Bc5 Kg6 40. Bd6 Kf5 41. Kd3
g3 42. Ke2 Bb6 43. Bb8 Bd4 44. Bd6 Kg6 45. Bb8 Bf5 46. Bd6 Kh5 47. Kf1 Bxe4 48.
fxe4 Kg4 49. Ke2 f3+ 50. Kf1 Kf4 51. b4 Kxe4 52. b5 cxb5 53. cxb5 Bb6 54. Bxe5
Kxe5 55. gxf3 Kf5 56. Kg2 Kf4 57. Kh1 Bd4 58. Kg2 Bc5 59. b6 Bxb6 60. Kf1 Kxf3
61. Ke1 g2 0-1